| 000 | 00356nam a2200145 a 4500 | ||
|---|---|---|---|
| 001 | 3751 | ||
| 003 | CDMR | ||
| 005 | 20130918130955.0 | ||
| 008 | 130130s2007||||||||||||||||||||||||||||d | ||
| 040 |
_aCDMR _bcat _cCPC GIRONA |
||
| 100 | 1 |
_aCosta i Fernández, Lluís _9647 |
|
| 245 | 1 | 0 |
_aVisions, Sils _cCosta, Lluís |
| 260 |
_c2007 _bLa Trona |
||
| 942 |
_cMON _2udc |
||
| 999 |
_c3751 _d3751 |
||